Las recetas de las películas del Studio Ghibli.
-д хадгалсан:
| Үндсэн зохиолч: | |
|---|---|
| Бусад зохиолчид: | , |
| Формат: | Ном |
| Хэл сонгох: | испани |
| Хэвлэсэн: |
[Málaga, España]:
Col & Col Ediciones,
2024.
|
| Хэвлэл: | Novena edición. |
| Нөхцлүүд: | |
| Шошгууд: |
Шошго нэмэх
Шошго байхгүй, Энэхүү баримтыг шошголох эхний хүн болох!
|
MARC
| LEADER | 00000nam a22000007a 4500 | ||
|---|---|---|---|
| 003 | CL-VaPUC | ||
| 005 | 20250321101915.0 | ||
| 008 | 250109t2024 ||||| |||| 00| 0 spa d | ||
| 999 | |c 446416 |d 446414 | ||
| 020 | |a 978-84-120334-5-8 | ||
| 040 | |c Pontificia Universidad Católica de Valparaíso | ||
| 082 | |2 22 |a 641.5952 VOM 2024 | ||
| 100 | |9 895184 |a Vo, Minh-Tri |e cocina | ||
| 245 | |a Las recetas de las películas del Studio Ghibli. | ||
| 250 | |a Novena edición. | ||
| 260 | |a [Málaga, España]: |b Col & Col Ediciones, |c 2024. | ||
| 300 | |a 142 páginas: |b ilustraciones. | ||
| 500 | |a c.1.-c.2.: Instituto Arcos. 08-01-2025 | ||
| 583 | |c 20250109 |k Yessy Sthefany Diaz Vidal | ||
| 650 | 0 | |9 895187 |a Comida japonesa |x Películas de animación |v Recetas ilustradas | |
| 650 | 0 | |9 615783 |a Animaciones japonesas |x Studio Ghibli |v Recetas ilustradas | |
| 700 | |9 895185 |a Cartier, Apolline |e fotografías | ||
| 700 | |9 895186 |a Thévenon, Claire-France |e contextos inventados | ||
| 942 | |2 ddc |c BK |n 0 | ||
| 952 | |0 0 |1 0 |2 ddc |4 0 |6 641_595200000000000_VOM_2024 |7 0 |8 A |9 599071 |a BIBINC |b BIBINC |d 2025-01-09 |e Instituto Arcos |i 5663986 |l 1 |o 641.5952 VOM 2024 |p 5663986 |r 2025-03-26 |s 2025-03-18 |t 1 |w 2025-01-09 |y BK |k IFP | ||
| 952 | |0 0 |1 0 |2 ddc |4 0 |6 641_595200000000000_VOM_2024 |7 0 |8 A |9 599383 |a BIBINC |b BIBINC |d 2025-01-09 |e Instituto Arcos |i 5664377 |l 2 |o 641.5952 VOM 2024 |p 5664377 |r 2025-04-21 |s 2025-04-15 |t 2 |w 2025-01-09 |y BK |k IFP | ||